[Event "RUS-chT Men Rapid 2019"]
[Site "Sochi"]
[Date "2019.10.18"]
[Round "1.1"]
[White "Tsydypov, Zhamsaran"]
[Black "Tekeyev, Zaur"]
[Result "1-0"]
[WhiteElo "2553"]
[BlackElo "2384"]
[Annotator "ChessBase"]
[PlyCount "45"]
[EventDate "2019.10.18"]
[EventType "swiss"]
[EventCountry "RUS"]
[SourceTitle "playchess.com"]
[Source "ChessBase"]
[SourceQuality "1"]
[TimeControl "900+10"]

1. e4 {[%emt 0:00:00]} c5 {[%emt 0:00:00]} 2. Nf3 {[%emt 0:00:00]} Nc6 {[%emt 0:00:00]} 3. d4 {[%emt 0:00:00]} cxd4 {[%emt 0:00:00]} 4. Nxd4 {[%emt 0:00:00]} e5 {[%emt 0:00:00]} 5. Nb5 {[%emt 0:00:01]} d6 {[%emt 0:00:00]} 6. N1c3 {[%emt 0:00:09]} a6 {[%emt 0:00:00]} 7. Na3 {[%emt 0:00:01]} Be7 {[%emt 0:00:01]} 8. Nc4 {[%emt 0:00:20]} b5 {[%emt 0:00:01]} 9. Ne3 {[%emt 0:00:02]} Nf6 {[%emt 0:00:02]} 10. g3 {[%emt 0:00:01]} O-O {[%emt 0:00:03]} 11. Bg2 {[%emt 0:00:01]} b4 {[%emt 0:00:17]} 12. Ncd5 {[%emt 0:00:02]} Nxd5 {[%emt 0:00:02]} 13. Nxd5 {[%emt 0:00:12]} Bg5 {[%emt 0:00:08]} 14. Bxg5 {[%emt 0:00:29]} Qxg5 {[%emt 0:00:02]} 15. a3 {[%emt 0:00:01]} Rb8 {[%emt 0:01:08]} 16. O-O {[%emt 0:00:15]} a5 {[%emt 0:09:05]} 17. axb4 {[%emt 0:00:12]} Nxb4 {[%emt 0:01:54]} 18. Nxb4 {[%emt 0:02:28]} Rxb4 {[%emt 0:00:04]} 19. Qxd6 {[%emt 0:00:07]} Rd8 {[%emt 0:02:03]} 20. Qc5 {[%emt 0:00:05]} Rxb2 {[%emt 0:00:17]} 21. Rxa5 {[%emt 0:00:06]} Qd2 {[%emt 0:00:36]} 22. Qxe5 {[%emt 0:00:14]} Rxc2 {[%emt 0:00:07]} 23. Rd5 {[%emt 0:00:08]} 1-0

[Event "RUS-chT Men Rapid 2019"]
[Site "Sochi"]
[Date "2019.10.18"]
[Round "1.2"]
[White "Kozak, Alexander"]
[Black "Triapishko, Alexandr"]
[Result "1/2-1/2"]
[WhiteElo "2230"]
[BlackElo "2514"]
[Annotator "TA"]
[PlyCount "228"]
[EventDate "2019.10.18"]
[EventType "swiss"]
[EventCountry "RUS"]
[SourceTitle "playchess.com"]
[Source "ChessBase"]
[SourceQuality "1"]

{[%evp 11,228,27,27,0,0,0,19,0,14,13,14,18,35,31,32,32,31,28,37,33,44,43,31,12,20,21,12,-7,21,20,15,-2,0,-29,-29,-29,-9,-21,-11,-11,-16,-16,0,0,0,0,0,0,0,0,8,0,8,0,0,0,0,0,0,-33,-35,-230,-245,-234,-245,-239,-65,-234,-225,-234,-234,-230,343,323,333,134,343,317,5229,662,536,22,8,0,0,0,0,0,0,0,0,0,0,0,0,0,8,8,8,8,8,8,8,8,8,8,101,8,108,108,108,108,108,108,108,108,114,114,114,101,108,8,108,8,8,8,123,8,97,50,98,104,97,0,45,53,100,8,29,8,8,8,8,8,8,8,8,8,38,39,120,8,8,8,8,8,8,8,8,8,8,8,8,8,8,0,8,8,8,8,123,123,236,236,215,250,231,235,176,8,234,176,250,250,250,201,176,176,176,0,206,206,357,157,206,193,479,206,204,8,8,0,0,0,0,0,0,0,8,8,8,8,8,8,8,8,8,8,8]} 1. e4 c6 2. d4 d5 3. exd5 cxd5 4. Bd3 Nf6 5. c3 Bg4 6. Qb3 Qc7 7. Bg5 {B13: Caro-Kann: Exchange Variation and Panov-Botvinnik Attack} (7. h3 {seems wilder.} Bd7 8. Nf3 e6 9. O-O Bc6 10. Re1) (7. Ne2 Nc6 8. Bf4 Qd7 9. O-O e6 10. Bg3 Be7 11. h3 Bf5 12. Bxf5 exf5 13. Nf4 O-O 14. Bh4 Rad8 15. Bxf6 Bxf6 {1-0 (46) Praggnanandhaa,R (2536)-Wei,Y (2736) chess.com INT 2019}) 7... e6 8. Nd2 Nc6 9. Ngf3 Be7 10. O-O O-O 11. Rae1 Nh5 12. Bxe7 Qxe7 13. h3 $146 ({Predecessor:} 13. Qc2 h6 14. h3 Bxf3 15. Nxf3 Rac8 16. Qd2 Qf6 17. Bc2 Rfd8 18. Nh2 {1-0 (27) Sacerdotali,S (2112)-Fernandez,J (2066) LSS email 2009}) 13... Bxf3 $1 14. Nxf3 g6 15. g3 Qc7 16. Kg2 Rab8 17. Ne5 (17. Qc2 {is more complex.} b5 18. Qd2 Nf6 19. Rc1 a6 20. Rfe1) 17... b5 18. a3 (18. Bxb5 $2 Nxe5 19. Rxe5 a6 $1 $19 {[%mdl 512]}) 18... Nxe5 19. Rxe5 Nf6 20. Qd1 a5 {[%cal Ba7a5,Ba5b4][%mdl 32]} 21. Qd2 b4 22. axb4 axb4 23. Rc1 Rfc8 24. Qg5 Qd8 25. Re3 bxc3 26. bxc3 Ne8 27. Qh6 Rb3 28. Rf3 Qe7 29. h4 f5 30. h5 Qg7 31. Qe3 Qf6 32. hxg6 hxg6 33. g4 Rcxc3 34. Rxc3 Rxc3 35. g5 Qe7 36. Qe5 $2 (36. Rh3 $15) 36... Qxg5+ $19 37. Rg3 Qf6 $1 38. Qb8 Qf7 $2 (38... Kf7 $1 $19 39. Bb5 Rxg3+ 40. Kxg3 Qg5+ 41. Kh3 Qe7 42. Bxe8+ Qxe8) 39. Kh2 $2 (39. Rh3 $15) 39... Kg7 40. Bb5 Rxg3 41. Bxe8 {[#]} Qf6 $4 {[%mdl 8192]} (41... Rb3 $1 $19 {[%cal Rb3b8][%mdl 512] and all is fine.} 42. Qxb3 Qxe8) 42. Qxg3 $18 {[%mdl 4096] Endgame} Kh6 43. Qe3+ (43. Kg2 $18 {has better winning chances.}) 43... Kh7 $2 (43... Kg7 $16 44. Qg3 f4) 44. Bd7 $1 Kg7 $2 (44... f4 45. Qh3+ Kg7 46. Bxe6 (46. Qxe6 Qxd4 47. Kg2 Qe4+ 48. Kg1 Qb1+ 49. Kh2 Qe4 $18) 46... Qxd4) 45. Bxe6 (45. Qe5 $142 Kf7 46. Qxf6+ Kxf6 47. f4) 45... Qh4+ 46. Kg2 $2 ({Only move:} 46. Kg1 $1 $18) 46... Qg4+ $1 $11 47. Kh2 {Strongly threatening f3.} Qh5+ 48. Kg1 (48. Qh3 $6 Qe2 $16) 48... Qd1+ 49. Kh2 Qh5+ 50. Qh3 Qe2 51. Qe3 Qh5+ 52. Kg1 (52. Qh3 $6 Qe2 $16) 52... Qd1+ 53. Kg2 Qg4+ $1 54. Kf1 Qd1+ 55. Qe1 Qxd4 56. Qe2 Kf6 57. Bd7 Qe4 {[%cal Re4h1]} 58. Qb2+ d4 (58... Kf7 $11) 59. Bb5 (59. Qb6+ $1 $16 Kg5 60. Bc6) 59... Ke5 (59... g5 $11) 60. Ba6 $16 Qh1+ 61. Ke2 Qe4+ 62. Kd2 Qf4+ 63. Ke1 {White wants to mate with Qb8+.} Qe4+ 64. Be2 Kf6 65. Qb5 Kg5 66. Qd3 (66. Qb8 $16) 66... Kf6 (66... Qxd3 $11 67. Bxd3 Kf4) 67. Kd1 (67. Qa3 $16) 67... Qh1+ 68. Kd2 Qe4 (68... Qh6+ $1 $11 69. Kc2 Qh4) 69. Bf3 (69. Qg3 $16) 69... Qf4+ (69... Qxd3+ $1 $11 70. Kxd3 Ke5) 70. Ke2 Qe5+ 71. Kf1 Qf4 72. Ke2 ({Better is} 72. Qa3 $16) 72... Qe5+ $1 $14 73. Kd1 Qf4 74. Kc2 (74. Qa3 $16) 74... g5 75. Qe2 Qc7+ 76. Kd1 g4 77. Bd5 Qb6 78. Qc4 Qb1+ 79. Ke2 Qb2+ 80. Kf1 Kg5 (80... Qa1+ $14 81. Kg2 Qc3) 81. Qc7 (81. Bc6 $1 $16) 81... Qb5+ $11 82. Bc4 Qb1+ 83. Kg2 Qe4+ 84. Kg1 {aiming for Qg7+.} Qe1+ 85. Bf1 Qe4 $1 86. Qd8+ Kg6 87. Qd6+ Kg5 88. Qd8+ Kg6 89. Qb6+ Kg5 90. Qb3 {Threatens to win with Bd3.} Kf6 (90... f4 $11 {keeps the balance.}) 91. Bd3 $16 Qe6 (91... Qc6 $16 92. Qb2 Qc3 93. Qb6+ Kg5) 92. Qb4 Qe5 93. Qf8+ Kg5 {intending ...g3.} 94. Qg8+ Kh6 {[#]} 95. Qf7 $2 (95. Kf1 $1 $18) 95... Kg5 $2 (95... g3 $11 96. Qf8+ (96. Qxf5 Qxf5 97. Bxf5 gxf2+ 98. Kxf2 Kh5 $11) (96. Bxf5 gxf2+ 97. Kxf2 Qh2+ 98. Ke1 Qg1+ 99. Ke2 Qe3+ 100. Kf1 Qf3+ 101. Kg1 Qd1+ 102. Kh2 Qh5+ 103. Qxh5+ Kxh5 $11) 96... Kh5 97. Qf7+ (97. Qxf5+ Qxf5 98. Bxf5 gxf2+ 99. Kxf2 Kh6 $11) 97... Kh6) 96. Kg2 Qf6 (96... Qf4 {was called for.}) 97. Qg8+ $18 Kh4 98. Qh7+ Kg5 99. Qd7 {And now Qd5 would win.} Qe5 100. Qf7 Qf6 101. Qd5 Kf4 $2 (101... Qf8 102. Qxd4 Qa8+ 103. Kg1 Qe8) 102. Bc2 (102. Qc4 $18 {and White stays clearly on top.}) 102... Kg5 103. Kg3 Kg6 $2 (103... Qf8 {was necessary.} 104. Kg2 Qf6) 104. Qg8+ (104. Bd3 $142) 104... Kh6 {[#]} 105. Kf4 $2 ({White should try} 105. Qb8 $1 $18 {[%cal Rb8f4]} Kh5 106. Qb5) 105... d3 $11 {The position is equal.} 106. Bxd3 Qd4+ {[%mdl 64] Double Attack} 107. Kxf5 {[%csl Gf5][%cal Rg8g6]} Qxd3+ 108. Kxg4 {Hoping for Qg5+. KQ-KQ} Qd1+ 109. Kf4 {Qe6+ is the strong threat.} Qd4+ 110. Kg3 Qe5+ 111. Kg2 Qe4+ 112. Kh2 Qh4+ 113. Kg1 Qg5+ 114. Qxg5+ Kxg5 {Accuracy: White = 40%, Black = 45%.} 1/2-1/2

[Event "RUS-chT Men Rapid 2019"]
[Site "Sochi"]
[Date "2019.10.18"]
[Round "1.3"]
[White "Moiseenko, Vadim"]
[Black "Nechaev, Oleg"]
[Result "1-0"]
[WhiteElo "2532"]
[BlackElo "2371"]
[Annotator "ChessBase"]
[PlyCount "101"]
[EventDate "2019.10.18"]
[EventType "swiss"]
[EventCountry "RUS"]
[SourceTitle "playchess.com"]
[Source "ChessBase"]
[SourceQuality "1"]
[TimeControl "900+10"]

1. e4 {[%emt 0:00:00]} c5 {[%emt 0:00:00]} 2. Nc3 {[%emt 0:00:00]} Nc6 {[%emt 0:00:00]} 3. Bb5 {[%emt 0:00:00]} g6 {[%emt 0:00:13]} 4. Bxc6 {[%emt 0:00:10]} dxc6 {[%emt 0:00:02]} 5. d3 {[%emt 0:00:12]} Bg7 {[%emt 0:00:06]} 6. f4 {[%emt 0:00:06]} Nf6 {[%emt 0:00:08]} 7. Nf3 {[%emt 0:00:02]} O-O {[%emt 0:00:07]} 8. O-O {[%emt 0:00:05]} b6 {[%emt 0:00:10]} 9. a4 {[%emt 0:00:19]} a5 {[%emt 0:00:08]} 10. h3 {[%emt 0:00:24]} Ne8 {[%emt 0:00:18]} 11. Be3 {[%emt 0:00:56]} Nc7 {[%emt 0:00:06]} 12. Rb1 {[%emt 0:00:45]} Ne6 {[%emt 0:01:55]} 13. Qd2 {[%emt 0:03:57]} Nd4 {[%emt 0:00:23]} 14. Ne2 {[%emt 0:00:49]} Nxf3+ {[%emt 0:00:53]} 15. Rxf3 {[%emt 0:00:02]} f5 {[%emt 0:00:15]} 16. exf5 {[%emt 0:00:50]} Bxf5 {[%emt 0:00:22]} 17. b3 {[%emt 0:00:04]} Qd5 {[%emt 0:00:45]} 18. Nc3 {[%emt 0:00:56]} Qd7 {[%emt 0:00:25]} 19. Rbf1 {[%emt 0:00:12]} h5 {[%emt 0:00:34]} 20. Bf2 {[%emt 0:01:11]} e5 {[%emt 0:00:30]} 21. fxe5 {[%emt 0:00:04]} Bxe5 {[%emt 0:00:04]} 22. Nd1 {[%emt 0:00:30]} Bg7 {[%emt 0:01:28]} 23. Bg3 {[%emt 0:00:29]} Kh7 {[%emt 0:01:12]} 24. Kh2 {[%emt 0:00:35]} Be6 {[%emt 0:00:10]} 25. Ne3 {[%emt 0:00:30]} Rxf3 {[%emt 0:00:11]} 26. Rxf3 {[%emt 0:00:01]} Rf8 {[%emt 0:00:07]} 27. Rxf8 {[%emt 0:00:30]} Bxf8 {[%emt 0:00:02]} 28. Be5 {[%emt 0:00:06]} Bh6 {[%emt 0:00:17]} 29. Qf2 {[%emt 0:00:06]} Bg7 {[%emt 0:00:41]} 30. Qf4 {[%emt 0:00:19]} Bh6 {[%emt 0:01:02]} 31. Qf3 {[%emt 0:01:28]} Bg7 {[%emt 0:00:08]} 32. Bxg7 {[%emt 0:00:07]} Kxg7 {[%emt 0:00:09]} 33. Qf4 {[%emt 0:00:02]} Qd4 {[%emt 0:00:38]} 34. Kg3 {[%emt 0:00:48]} Qxf4+ {[%emt 0:00:20]} 35. Kxf4 {[%emt 0:00:01]} Kf6 {[%emt 0:00:01]} 36. h4 {[%emt 0:00:09]} b5 {[%emt 0:00:11]} 37. c4 {[%emt 0:00:49]} b4 {[%emt 0:01:57]} 38. Nd1 {[%emt 0:00:13]} Bf5 {[%emt 0:00:20]} 39. Nf2 {[%emt 0:00:01]} Ke6 {[%emt 0:00:20]} 40. Ne4 {[%emt 0:00:37]} Bxe4 {[%emt 0:03:25]} 41. dxe4 {[%emt 0:00:01]} Kf6 {[%emt 0:00:05]} 42. e5+ {[%emt 0:00:02]} Ke6 {[%emt 0:00:02]} 43. g3 {[%emt 0:00:02]} Ke7 {[%emt 0:00:16]} 44. g4 {[%emt 0:00:04]} Ke6 {[%emt 0:00:14]} 45. gxh5 {[%emt 0:00:04]} gxh5 {[%emt 0:00:02]} 46. Ke4 {[%emt 0:00:01]} Ke7 {[%emt 0:00:08]} 47. Kf5 {[%emt 0:00:02]} Kf7 {[%emt 0:00:02]} 48. e6+ {[%emt 0:00:18]} Ke8 {[%emt 0:00:18]} 49. Kf4 {[%emt 0:00:04]} Kf8 {[%emt 0:00:05]} 50. Ke4 {[%emt 0:00:02]} Ke8 {[%emt 0:00:04]} 51. Kf5 {[%emt 0:00:01]} 1-0

[Event "RUS-chT Men Rapid 2019"]
[Site "Sochi"]
[Date "2019.10.18"]
[Round "1.4"]
[White "Rozhko, Dmitry"]
[Black "Rozum, Ivan"]
[Result "0-1"]
[WhiteElo "2305"]
[BlackElo "2599"]
[Annotator "ChessBase"]
[PlyCount "88"]
[EventDate "2019.10.18"]
[EventType "swiss"]
[EventCountry "RUS"]
[SourceTitle "playchess.com"]
[Source "ChessBase"]
[SourceQuality "1"]
[TimeControl "900+10"]

1. d4 {[%emt 0:00:00]} Nf6 {[%emt 0:00:00]} 2. Nf3 {[%emt 0:00:00]} e6 {[%emt 0:00:00]} 3. g3 {[%emt 0:00:00]} b5 {[%emt 0:00:07]} 4. Bg2 {[%emt 0:00:01]} Bb7 {[%emt 0:00:01]} 5. O-O {[%emt 0:00:01]} c5 {[%emt 0:00:06]} 6. a4 {[%emt 0:00:04]} b4 {[%emt 0:00:05]} 7. c3 {[%emt 0:00:08]} Na6 {[%emt 0:00:37]} 8. Nbd2 {[%emt 0:00:26]} Be7 {[%emt 0:00:12]} 9. dxc5 {[%emt 0:00:58]} bxc3 {[%emt 0:00:09]} 10. bxc3 {[%emt 0:00:02]} Nxc5 {[%emt 0:00:04]} 11. Nb3 {[%emt 0:00:27]} Nce4 {[%emt 0:00:29]} 12. c4 {[%emt 0:00:20]} Rc8 {[%emt 0:01:19]} 13. Qd4 {[%emt 0:00:30]} Nc5 {[%emt 0:00:40]} 14. Nxc5 {[%emt 0:00:22]} Bxc5 {[%emt 0:00:03]} 15. Qh4 {[%emt 0:00:56]} Be7 {[%emt 0:00:54]} 16. Qd4 {[%emt 0:00:54]} Qa5 {[%emt 0:00:02]} 17. Bd2 {[%emt 0:00:38]} Qa6 {[%emt 0:00:12]} 18. Rfc1 {[%emt 0:01:00]} O-O {[%emt 0:00:05]} 19. Ne5 {[%emt 0:00:33]} Bxg2 {[%emt 0:00:50]} 20. Kxg2 {[%emt 0:00:01]} Rc7 {[%emt 0:00:26]} 21. Nd3 {[%emt 0:01:00]} d6 {[%emt 0:00:33]} 22. e4 {[%emt 0:03:21]} e5 {[%emt 0:00:23]} 23. Qe3 {[%emt 0:00:50]} Rxc4 {[%emt 0:00:01]} 24. Nb4 {[%emt 0:00:27]} Rxc1 {[%emt 0:01:03]} 25. Nxa6 {[%emt 0:00:23]} Rxa1 {[%emt 0:00:01]} 26. Qxa7 {[%emt 0:00:03]} Rxa4 {[%emt 0:00:17]} 27. Qb7 {[%emt 0:00:38]} Nxe4 {[%emt 0:00:45]} 28. Be3 {[%emt 0:00:08]} Nf6 {[%emt 0:00:43]} 29. Nb4 {[%emt 0:00:20]} Re8 {[%emt 0:01:13]} 30. Nd5 {[%emt 0:00:21]} Nxd5 {[%emt 0:00:07]} 31. Qxd5 {[%emt 0:00:01]} Rea8 {[%emt 0:01:20]} 32. h4 {[%emt 0:00:04]} R4a5 {[%emt 0:00:04]} 33. Qe4 {[%emt 0:00:16]} Bf6 {[%emt 0:00:39]} 34. h5 {[%emt 0:00:54]} d5 {[%emt 0:00:33]} 35. Qg4 {[%emt 0:00:02]} d4 {[%emt 0:00:10]} 36. Bh6 {[%emt 0:00:10]} Kh8 {[%emt 0:00:20]} 37. Bd2 {[%emt 0:00:24]} Ra2 {[%emt 0:00:02]} 38. Qe4 {[%emt 0:00:58]} Rd8 {[%emt 0:00:23]} 39. Qe1 {[%emt 0:00:29]} h6 {[%emt 0:00:46]} 40. Ba5 {[%emt 0:00:29]} Rd5 {[%emt 0:00:32]} 41. Bb4 {[%emt 0:00:21]} d3 {[%emt 0:00:18]} 42. Qe4 {[%emt 0:00:11]} Rd8 {[%emt 0:00:17]} 43. Qc4 {[%emt 0:00:19]} Ra4 {[%emt 0:00:08]} 44. Qb5 {[%emt 0:00:08]} Rxb4 {[%emt 0:00:05]} 0-1

[Event "RUS-chT Men Rapid 2019"]
[Site "Sochi"]
[Date "2019.10.18"]
[Round "1.5"]
[White "Shemyakin, Valeriy"]
[Black "Grachev, Boris"]
[Result "0-1"]
[WhiteElo "2192"]
[BlackElo "2621"]
[Annotator "TA"]
[PlyCount "70"]
[EventDate "2019.10.18"]
[EventType "swiss"]
[EventCountry "RUS"]
[SourceTitle "playchess.com"]
[Source "ChessBase"]
[SourceQuality "1"]

{[%evp 14,70,-10,0,-4,-16,18,18,21,-5,-13,-16,-20,-26,-17,-41,-39,-59,-54,-58,-63,-81,-42,-43,-34,-43,-27,-105,-107,-105,-106,-106,-109,-107,-104,-114,-116,-117,-101,-118,-120,-398,-404,-405,-414,-410,-397,-481,-470,-471,-471,-543,-464,-473,-473,-508,-508,-498,-482]} 1. d4 d5 2. c4 e6 3. Nf3 Nf6 4. Nc3 c6 5. Qb3 Nbd7 6. g3 Be7 7. Bg2 O-O 8. O-O a5 {E07: Closed Catalan: Main Line (5 Nf3 0-0 6 0-0 Nbd7)} 9. Nd2 Qb6 $146 ({Predecessor:} 9... a4 10. Qc2 b5 11. c5 e5 12. e3 Re8 13. a3 e4 14. f3 exf3 15. Nxf3 Nf8 16. Bd2 {0-1 (37) Ortega,M (2447)-Petrov,N (2573) Lisbon 2018}) 10. Qxb6 Nxb6 {The position is equal.} 11. c5 Nbd7 12. e4 b6 13. exd5 cxd5 14. cxb6 Nxb6 {[%cal Bd7b6,Bb6c4,Bc4b2,Bb2d3][%mdl 32]} 15. Nf3 Ba6 16. Re1 Rfc8 17. Bf4 Nc4 18. Na4 Bb5 19. Nc3 Be8 20. b3 (20. Nd2 $1 $11 {keeps the balance.}) 20... Bb4 $17 21. Rec1 Nb2 $36 {[%mdl 2048] Black is on the roll.} 22. Ne2 Nd3 23. Rxc8 Rxc8 24. Be3 Ba3 25. Bf1 Ne4 26. Nf4 Nb4 27. Nd2 $2 {[%mdl 8192] [#]} (27. Ne1 $17) 27... Nc2 $19 28. Nxe4 Nxa1 29. Nc5 Nc2 30. Nfd3 Nxe3 {Black is clearly winning.} 31. fxe3 Bb5 32. Nb7 Bxd3 33. Bxd3 Bb4 34. a3 Bxa3 35. Nxa5 Rc3 {Accuracy: White = 34%, Black = 80%.} 0-1

[Event "RUS-chT Men Rapid 2019"]
[Site "Sochi"]
[Date "2019.10.18"]
[Round "1.6"]
[White "Potkin, Vladimir"]
[Black "Jary, Sergey"]
[Result "1/2-1/2"]
[WhiteElo "2583"]
[BlackElo "2275"]
[Annotator "ChessBase"]
[PlyCount "57"]
[EventDate "2019.10.18"]
[EventType "swiss"]
[EventCountry "RUS"]
[SourceTitle "playchess.com"]
[Source "ChessBase"]
[SourceQuality "1"]
[TimeControl "900+10"]

1. c4 {[%emt 0:00:00]} c6 {[%emt 0:00:00]} 2. Nf3 {[%emt 0:00:00]} Nf6 {[%emt 0:00:23]} 3. Nc3 {[%emt 0:00:00]} d5 {[%emt 0:00:15]} 4. e3 {[%emt 0:00:00]} g6 {[%emt 0:00:21]} 5. d4 {[%emt 0:00:03]} Bg7 {[%emt 0:00:03]} 6. Be2 {[%emt 0:00:02]} O-O {[%emt 0:00:45]} 7. O-O {[%emt 0:00:03]} Qb6 {[%emt 0:01:15]} 8. h3 {[%emt 0:00:22]} Bf5 {[%emt 0:00:53]} 9. Bd2 {[%emt 0:00:17]} Nbd7 {[%emt 0:00:54]} 10. cxd5 {[%emt 0:02:43]} Nxd5 {[%emt 0:01:52]} 11. Nxd5 {[%emt 0:03:27]} cxd5 {[%emt 0:00:08]} 12. Qb3 {[%emt 0:00:03]} Qxb3 {[%emt 0:00:21]} 13. axb3 {[%emt 0:00:01]} Rfc8 {[%emt 0:00:14]} 14. Rfc1 {[%emt 0:00:04]} a6 {[%emt 0:02:09]} 15. g4 {[%emt 0:02:28]} Be4 {[%emt 0:01:01]} 16. Bb4 {[%emt 0:00:20]} Bxf3 {[%emt 0:01:17]} 17. Bxf3 {[%emt 0:00:03]} e6 {[%emt 0:00:01]} 18. Kf1 {[%emt 0:01:36]} Bf8 {[%emt 0:00:08]} 19. Bd2 {[%emt 0:00:03]} Bd6 {[%emt 0:00:24]} 20. e4 {[%emt 0:00:12]} Nb6 {[%emt 0:00:09]} 21. e5 {[%emt 0:00:19]} Be7 {[%emt 0:00:14]} 22. Be2 {[%emt 0:00:57]} Rxc1+ {[%emt 0:00:21]} 23. Rxc1 {[%emt 0:00:03]} Rc8 {[%emt 0:00:01]} 24. Rb1 {[%emt 0:00:50]} f6 {[%emt 0:00:39]} 25. f4 {[%emt 0:00:16]} Kf7 {[%emt 0:00:09]} 26. Bd3 {[%emt 0:00:08]} f5 {[%emt 0:00:10]} 27. Ke2 {[%emt 0:00:03]} Nd7 {[%emt 0:00:32]} 28. b4 {[%emt 0:00:19]} b5 {[%emt 0:00:06]} 29. Ra1 {[%emt 0:00:58]} 1/2-1/2

[Event "RUS-chT Men Rapid 2019"]
[Site "Sochi"]
[Date "2019.10.18"]
[Round "1.7"]
[White "Papenin, Nikolai"]
[Black "Savchenko, Boris"]
[Result "0-1"]
[WhiteElo "2295"]
[BlackElo "2581"]
[Annotator "TA"]
[PlyCount "76"]
[EventDate "2019.10.18"]
[EventType "swiss"]
[EventCountry "RUS"]
[SourceTitle "playchess.com"]
[Source "ChessBase"]
[SourceQuality "1"]

{[%evp 22,108,10,2,9,0,54,26,29,14,14,14,11,11,8,10,9,10,14,0,0,0,-1,-27,-28,-30,-20,-33,-27,-47,-35,-45,-45,-61,-52,-74,-63,-84,-40,-45,-6,-10,0,-70,0,0,0,0,0,-5,404,403,373,-51,-16,-89,-72,-248,-225,-349,-349,-540,-347,-354,-359,-372,-372,-373,-135,-372,-372,-390,-390,-500,-390,-390,-390,-390,-372,-372,-372,-372,-372,-390,-390,-394,-394,-691,-667]} 1. d4 d5 2. c4 e6 3. Nc3 a6 4. Nf3 dxc4 5. a4 c5 6. e3 cxd4 7. exd4 Nc6 8. Bxc4 Nf6 9. O-O Be7 10. Re1 O-O 11. Bg5 h6 12. Bh4 Nb4 {D27: Queen's Gambit Accepted: Classical main line: 7 e4!? and 7 a4} (12... Nh5 13. Bxe7 Nxe7 14. d5 exd5 15. Nxd5 Nxd5 16. Qxd5 Qxd5 17. Bxd5 Nf4 18. Be4 Rb8 19. g3 Ne6 20. Ne5 {½-½ (32) Grachev,B (2621)-Khismatullin,D (2618) Riga 2019}) 13. Ne5 Rb8 $146 ({Black should play} 13... Nc6 $11) ({Predecessor:} 13... Nfd5 14. Bg3 b6 15. Nxd5 exd5 16. Bb3 Bb7 17. Qg4 f5 18. Qf3 Bg5 19. h4 Bxh4 20. Bxh4 Qxh4 {1-0 (42) Norowitz,Y (2429)-Gurevich,D (2455) chess.com INT 2017}) 14. Bg3 {And now Nxf7! would win.} Ra8 {White has an edge.} 15. Rc1 Bd7 16. d5 exd5 17. Nxd5 Nfxd5 18. Bxd5 Nxd5 19. Qxd5 {[%mdl 64] [#] Double Attack} Bxa4 20. Qxb7 Bg5 21. Ra1 Bb5 22. Rad1 (22. Nc6 $5 {[%cal Rc6d8]} Qc8 23. Ne7+ Bxe7 24. Rxe7 $11) 22... Qc8 23. Qd5 Ra7 24. h4 Bf6 25. b4 Rd8 26. Qb3 Rxd1 27. Rxd1 Re7 28. Qd5 Qf5 {[%cal Rf6e5]} 29. Re1 Kh7 30. Kh2 h5 31. Re3 Rd7 32. Qc5 (32. Qa8 $11) 32... Rb7 (32... Rd1 $1 $15 33. Nf3 (33. Nxf7 $2 Qb1 $19) 33... Qxc5 34. bxc5 Rc1) 33. Qf8 $11 Qe6 34. Nf3 Qg4 35. Be5 Bxh4 $2 {[%mdl 8192]} (35... Bxe5+ $11 36. Rxe5 f6) 36. Nxh4 $18 Qxh4+ 37. Kg1 $2 (37. Rh3 $18 {[%csl Ge5][%cal Rf8g7]} Qg4 {[#]} 38. Bxg7 $1 {[%mdl 512]} Qf4+ {[%mdl 64] Double Attack} 39. Rg3) 37... f6 38. Rh3 (38. Qc8 $11 Rd7 39. Qc2+ g6 40. Rh3 Qxb4 41. Bxf6) 38... Qg5 {Played: Qh4-g4} 0-1

[Event "RUS-chT Men Rapid 2019"]
[Site "Sochi"]
[Date "2019.10.18"]
[Round "1.8"]
[White "Popov, Ivan"]
[Black "Derjabin, Ilja"]
[Result "1-0"]
[WhiteElo "2611"]
[BlackElo "2333"]
[Annotator "TA"]
[PlyCount "79"]
[EventDate "2019.10.18"]
[EventType "swiss"]
[EventCountry "RUS"]
[SourceTitle "playchess.com"]
[Source "ChessBase"]
[SourceQuality "1"]

{[%evp 18,79,52,55,56,56,43,54,48,37,60,36,52,56,35,28,122,110,112,129,112,103,109,77,106,104,103,94,113,122,111,82,106,107,108,58,100,115,141,89,203,187,267,268,271,253,256,236,304,291,256,247,340,291,292,285,641,640,29980,29981,29981,29982,29981,29982]} 1. e4 e6 2. d4 d5 3. Nd2 c5 4. Ngf3 Nc6 5. exd5 exd5 6. Bb5 c4 7. O-O Bd6 8. b3 cxb3 9. axb3 Nge7 10. c3 O-O {C09: French Tarrasch: 3...c5 4 exd5 exd5 5 Ngf3 Nc6} 11. Re1 Bg4 12. Nf1 {[%cal Bd2f1,Bf1g3,Bg3h5][%mdl 32]} Qc7 {White is slightly better.} 13. Bd3 h6 14. Ng3 $146 ({Predecessor:} 14. h3 Bh5 15. Ba3 Bxa3 16. Rxa3 a6 {½-½ (30) Pavicic,Z (2425)-Kajganovic,M (2260) Caorle 1988}) 14... Rfe8 15. h3 Bd7 16. Nh5 {[#] And now Bxh6! would win.} Bf5 (16... Ng6 $11 {remains equal.}) 17. Bxh6 Bxd3 ({Not} 17... gxh6 $2 18. Qd2 $18) 18. Nxg7 Bg6 19. Nxe8 Rxe8 20. Qd2 Qd7 21. Nh4 Kh7 22. Bg5 Nf5 23. Rxe8 Qxe8 24. Nxg6 fxg6 25. Re1 Qf7 26. Bf4 Qc7 27. Bxd6 Qxd6 28. Qg5 (28. b4 $142) 28... Nfe7 (28... Kg7 $16 {keeps fighting.}) 29. b4 {Strongly threatening b5.} a6 (29... Ng8 $142 30. b5 Nd8) 30. h4 $18 Ng8 31. h5 Nce7 32. Re5 Nf6 33. Qe3 Neg8 34. Qg3 Ne4 35. hxg6+ Kg7 36. Qf4 {Qf7+! would kill now.} Ngf6 $2 (36... Qf8 37. Qh4 Kxg6 38. Rxd5 Nef6 39. Qg3+ Kf7) 37. Rxe4 {[%mdl 64] [#] Discovered Attack, Promotion} Nxe4 38. Qf7+ {[%mdl 64] Double Attack. White mates.} Kh6 39. g7 Nf6 40. Qf8 {Accuracy: White = 79%, Black = 44%.} 1-0